<?xml version='1.0' encoding='UTF-8'?>
  <record xmlns="http://www.loc.gov/MARC21/slim">
    <leader>00000cam a2200000 i 4500</leader>
    <controlfield tag="001">ocm65612398</controlfield>
    <controlfield tag="003">OCoLC</controlfield>
    <controlfield tag="005">20250829012009.6</controlfield>
    <controlfield tag="008">901203s1874    ne            000 0 dut d</controlfield>
    <datafield tag="040" ind1=" " ind2=" ">
      <subfield code="a">NLGGC</subfield>
      <subfield code="b">dut</subfield>
      <subfield code="e">fobidrtb</subfield>
      <subfield code="c">NLGGC</subfield>
      <subfield code="d">L2U</subfield>
      <subfield code="d">OCLCO</subfield>
      <subfield code="d">OCLCL</subfield>
      <subfield code="d">OCLCQ</subfield>
    </datafield>
    <datafield tag="029" ind1="0" ind2=" ">
      <subfield code="a">NLGGC</subfield>
      <subfield code="b">078247993</subfield>
    </datafield>
    <datafield tag="035" ind1=" " ind2=" ">
      <subfield code="a">(OCoLC)65612398</subfield>
    </datafield>
    <datafield tag="084" ind1=" " ind2=" ">
      <subfield code="a">11.73</subfield>
      <subfield code="2">bcl</subfield>
    </datafield>
    <datafield tag="245" ind1="0" ind2="0">
      <subfield code="a">Rapport met betrekking tot de verlangde verwijdering van de woorden "de handhaving harer leer" in art. 11 van het Algemeen Reglement voor de Nederl. Hervormde Kerk /</subfield>
      <subfield code="c">uitg. door de Algemeene Synode der Nederlandsche Hervormde Kerk van 1874.</subfield>
    </datafield>
    <datafield tag="260" ind1=" " ind2=" ">
      <subfield code="a">'s Gravenhage :</subfield>
      <subfield code="b">Van Hoogstraten,</subfield>
      <subfield code="c">1874.</subfield>
    </datafield>
    <datafield tag="300" ind1=" " ind2=" ">
      <subfield code="a">28 p. ;</subfield>
      <subfield code="c">24 cm.</subfield>
    </datafield>
    <datafield tag="336" ind1=" " ind2=" ">
      <subfield code="a">tekst</subfield>
      <subfield code="b">txt</subfield>
      <subfield code="2">rdacontent/dut</subfield>
    </datafield>
    <datafield tag="337" ind1=" " ind2=" ">
      <subfield code="a">zonder medium</subfield>
      <subfield code="b">n</subfield>
      <subfield code="2">rdamedia/dut</subfield>
    </datafield>
    <datafield tag="338" ind1=" " ind2=" ">
      <subfield code="a">band</subfield>
      <subfield code="b">nc</subfield>
      <subfield code="2">rdacarrier/dut</subfield>
    </datafield>
    <datafield tag="500" ind1=" " ind2=" ">
      <subfield code="a">Ondertekend door F.W.B. van Bell ... [et al.].</subfield>
    </datafield>
    <datafield tag="530" ind1=" " ind2=" ">
      <subfield code="a">Ook beschikbaar in microvorm.</subfield>
    </datafield>
    <datafield tag="530" ind1=" " ind2=" ">
      <subfield code="a">Titel is geselecteerd voor digitalisering voor de Universiteit van Leiden in het kader van het Google Books-project.</subfield>
    </datafield>
    <datafield tag="650" ind1=" " ind2="7">
      <subfield code="a">11.73 church organization, canon law.</subfield>
      <subfield code="0">(NL-LeOCL)077594460</subfield>
      <subfield code="2">bcl</subfield>
    </datafield>
    <datafield tag="650" ind1=" " ind2="7">
      <subfield code="a">Nederlandse Hervormde Kerk.</subfield>
      <subfield code="2">trfarn</subfield>
    </datafield>
    <datafield tag="700" ind1="1" ind2=" ">
      <subfield code="a">Bell, Frederik Wilhelm Bernard van,</subfield>
      <subfield code="d">1822-1896.</subfield>
      <subfield code="1">https://id.oclc.org/worldcat/entity/E39PCjwqCwtHd68Rk4wMgGr47b</subfield>
    </datafield>
    <datafield tag="758" ind1=" " ind2=" ">
      <subfield code="a">Rapport met betrekking tot de verlangde verwijdering van de woorden "de handhaving harer leer" in art. 11 van het Algemeen Reglement voor de Nederl. Hervormde Kerk (Text)</subfield>
      <subfield code="1">https://id.oclc.org/worldcat/entity/E39PD3kPQmGG9FpfQpKdYkt8yd</subfield>
      <subfield code="4">https://id.oclc.org/worldcat/ontology/hasWork</subfield>
    </datafield>
    <datafield tag="776" ind1="0" ind2=" ">
      <subfield code="t">Rapport met betrekking tot de verlangde verwijdering van de woorden "de handhaving harer leer" in art. 11 van het Algemeen Reglement voor de Nederl. Hervormde Kerk</subfield>
      <subfield code="w">(NL-LeOCL)393899802</subfield>
    </datafield>
    <datafield tag="776" ind1="0" ind2=" ">
      <subfield code="t">Rapport met betrekking tot de verlangde verwijdering van de woorden "de handhaving harer leer" in art. 11 van het Algemeen Reglement voor de Nederl. Hervormde Kerk</subfield>
      <subfield code="w">(NL-LeOCL)406960062</subfield>
    </datafield>
    <datafield tag="776" ind1="0" ind2=" ">
      <subfield code="t">Rapport met betrekking tot de verlangde verwijdering van de woorden "de handhaving harer leer" in art. 11 van het Algemeen Reglement voor de Nederl. Hervormde Kerk</subfield>
      <subfield code="w">(NL-LeOCL)406960070</subfield>
    </datafield>
    <datafield tag="776" ind1="0" ind2=" ">
      <subfield code="t">Rapport met betrekking tot de verlangde verwijdering van de woorden "de handhaving harer leer" in art. 11 van het Algemeen Reglement voor de Nederl. Hervormde Kerk</subfield>
      <subfield code="w">(NL-LeOCL)411425587</subfield>
    </datafield>
    <datafield tag="856" ind1="4" ind2="2">
      <subfield code="y">digitale versie</subfield>
      <subfield code="q">jpeg/tiff/pdf</subfield>
      <subfield code="u">http://leesmuseum.rozet.nl/LM04815</subfield>
      <subfield code="z">gedigitaliseerd signatuur van Rozet 'Mag. LM/4815'</subfield>
    </datafield>
    <datafield tag="936" ind1=" " ind2=" ">
      <subfield code="a">BATCHLOAD</subfield>
    </datafield>
  </record>